LEADER 01186nam 2200301Ia 450 001 996396514603316 005 20221108054716.0 035 $a(CKB)4330000000338366 035 $a(EEBO)2240903577 035 $a(OCoLC)11878062 035 $a(EXLCZ)994330000000338366 100 $a19850402d1644 uy | 101 0 $aeng 135 $aurbn||||a|bb| 200 13$aAn exposition with practicall observations vpon the three first chapters of the booke of Iob$b[electronic resource] $edelivered in XXI lectures, at Magnus neare the bridge, London /$fby Joseph Caryl .. 210 $aLondon $cPrinted by G. Miller, for Henry Overton ..., and Luke Fawne, and Iohn Rothwell ...$d1644 215 $a[10], 479, [16] p 300 $aReissue of the 1643 edition, with date in imprint altered. 300 $aReproduction of original in Thomason Collection, British Library. 330 $aeebo-0158 700 $aCaryl$b Joseph$f1602-1673.$01003625 801 0$bEAA 801 1$bEAA 801 2$bWaOLN 906 $aBOOK 912 $a996396514603316 996 $aAn exposition with practicall observations vpon the three first chapters of the booke of Iob$92376793 997 $aUNISA